| 000 | 00590nam a2200193 a 4500 | ||
|---|---|---|---|
| 005 | 20140310183222.0 | ||
| 008 | 030908s19uu xx 00 eng d | ||
| 020 | _a0205338070 | ||
| 050 |
_aHM 1033 _b.R43 2003 |
||
| 245 |
_aReadings in social psychology : _bgeneral, classic, and contemporary selections / _cWayne A. Lesko. |
||
| 250 | _a5th ed. | ||
| 260 |
_aBoston : _bAllyn & Bacon, _c2003. |
||
| 300 |
_axiv, 402 p. : _c23 cm. |
||
| 500 | _aIncludes bibliographical references & index | ||
| 521 | _aPSYCH | ||
| 650 | _aSocial psychology | ||
| 942 |
_cBK _2lcc _kFOR |
||
| 999 |
_c20339 _d20339 |
||